Tiere mit "G" aufzählen - Statistiken

Allgemein
  • Dieses Quiz wurde 501 mal gespielt
  • Das Durchschnittsergebnis liegt bei 11 aus 35
Antwortstatistiken
Tier mit G % Korrekt
Gans
93%
Giraffe
81%
Gorilla
65%
Gepard
63%
Gazelle
50%
Goldfisch
50%
Gämse
49%
Gnu
48%
Grashüpfer
43%
Gecko
42%
Geier
42%
Gibbon
34%
Grille
34%
Galapagos - Schildkröte
33%
Graugans
30%
Geißbock
28%
Goldhamster
28%
Garnele
27%
Gottesanbeterin
26%
Guppy
26%
Gürteltier
26%
Goldammer
25%
Gockel
23%
Grünfink
23%
Graureiher
21%
Grizzlybär
21%
Grasmücke
19%
Grauwal
19%
Golden Retriever
14%
Grundel
10%
Glühwürmchen
9%
Grönlandwal
9%
Guanako
9%
Grottenolm
6%
Gemeiner Holzbock
3%
Keine übereinstimmenden Quizze gefunden
Verteilung der Resultate
Anzahl Personen mit jedem Resultat
Perzentil nach korrekt beantworteten Fragen
Ihre Resultats-Entwicklung
Sie haben dieses Quiz noch nicht gespielt